Zmiernenie starnutia obyvateľstva – nezaujímavý cieľ pre (rodinnú) politiku v Slovenskej republike?

Výzvy demografického vývoja na Slovensku pre zmeny v rodinnej politike. Porovnanie hlavných parametrov rodinných politík vo vybraných krajinách EÚ.

Na minha lista:
Detalhes bibliográficos
Autor principal: Košta, Ján
Formato: Capítulo de Livro
Idioma:eslovaco
Assuntos:
Tags: Adicionar Tag
Sem tags, seja o primeiro a adicionar uma tag!

MARC

LEADER 00000naa a2200000 4500
001 0249945
005 20240315110150.8
041 0 |a slo 
044 |a SK 
245 1 0 |a Zmiernenie starnutia obyvateľstva – nezaujímavý cieľ pre (rodinnú) politiku v Slovenskej republike?  |c Ján Košta 
520 |a Výzvy demografického vývoja na Slovensku pre zmeny v rodinnej politike. Porovnanie hlavných parametrov rodinných politík vo vybraných krajinách EÚ. 
610 2 0 |a Slovensko 
610 2 0 |a starnutie populácie 
610 2 0 |a vývoj populačný 
610 2 0 |a demografia 
610 2 0 |a Európska únia 
610 2 0 |a politika rodinná 
100 1 |a Košta, Ján